<?xml version="1.0" encoding="UTF-8"?>
<record
    xmlns:xsi="http://www.w3.org/2001/XMLSchema-instance"
    xsi:schemaLocation="http://www.loc.gov/MARC21/slim http://www.loc.gov/standards/marcxml/schema/MARC21slim.xsd"
    xmlns="http://www.loc.gov/MARC21/slim">

  <leader>01353nam0a2200361   4500</leader>
  <controlfield tag="001">RU\NLR\bibl\217301</controlfield>
  <controlfield tag="005">20250619102944.0</controlfield>
  <datafield tag="010" ind1=" " ind2=" ">
    <subfield code="a">5-04-007647-9</subfield>
    <subfield code="b">&#x412; &#x43F;&#x435;&#x440;.</subfield>
    <subfield code="9">12100</subfield>
  </datafield>
  <datafield tag="021" ind1=" " ind2=" ">
    <subfield code="a">RU</subfield>
    <subfield code="b">2001-36185</subfield>
    <subfield code="9">1722</subfield>
  </datafield>
  <datafield tag="035" ind1=" " ind2=" ">
    <subfield code="a">(NLR Aleph) 000213394</subfield>
  </datafield>
  <datafield tag="090" ind1=" " ind2=" ">
    <subfield code="a">1239100</subfield>
    <subfield code="c">1239100</subfield>
  </datafield>
  <datafield tag="100" ind1=" " ind2=" ">
    <subfield code="a">20011217d2001    |||y0rusy50      ca</subfield>
  </datafield>
  <datafield tag="101" ind1="0" ind2=" ">
    <subfield code="a">rus</subfield>
  </datafield>
  <datafield tag="102" ind1=" " ind2=" ">
    <subfield code="a">RU</subfield>
  </datafield>
  <datafield tag="105" ind1=" " ind2=" ">
    <subfield code="a">y   |||||||||</subfield>
  </datafield>
  <datafield tag="200" ind1="1" ind2=" ">
    <subfield code="a">&#x418;&#x441;&#x442;&#x443;&#x43A;&#x430;&#x43D;</subfield>
    <subfield code="e">&#x424;&#x430;&#x43D;&#x442;&#x430;&#x441;&#x442;. &#x43F;&#x440;&#x43E;&#x438;&#x437;&#x432;&#x435;&#x434;&#x435;&#x43D;&#x438;&#x44F;</subfield>
    <subfield code="f">&#x41C;&#x438;&#x445;&#x430;&#x438;&#x43B; &#x422;&#x44B;&#x440;&#x438;&#x43D;</subfield>
    <subfield code="g">[&#x418;&#x43B;. &#x430;&#x432;&#x442;.]</subfield>
  </datafield>
  <datafield tag="210" ind1=" " ind2=" ">
    <subfield code="a">&#x41C;.</subfield>
    <subfield code="c">&#x42D;&#x41A;&#x421;&#x41C;&#x41E;-&#x43F;&#x440;&#x435;&#x441;&#x441;</subfield>
    <subfield code="d">2001</subfield>
  </datafield>
  <datafield tag="215" ind1=" " ind2=" ">
    <subfield code="a">411,[1] &#x441;.</subfield>
    <subfield code="c">&#x438;&#x43B;.</subfield>
    <subfield code="d">21</subfield>
  </datafield>
  <datafield tag="225" ind1="1" ind2=" ">
    <subfield code="a">&#x410;&#x431;&#x441;&#x43E;&#x43B;&#x44E;&#x442;&#x43D;&#x43E;&#x435; &#x43E;&#x440;&#x443;&#x436;&#x438;&#x435;</subfield>
    <subfield code="e">&#x410;&#x41E;</subfield>
  </datafield>
  <datafield tag="327" ind1="1" ind2=" ">
    <subfield code="a">&#x421;&#x43E;&#x434;&#x435;&#x440;&#x436;.: &#x41F;&#x43E;&#x432;&#x435;&#x441;&#x442;&#x438;: &#x418;&#x441;&#x442;&#x443;&#x43A;&#x430;&#x43D;; &#x41E;&#x442;&#x43F;&#x443;&#x441;&#x442;&#x438; &#x437;&#x432;&#x435;&#x440;&#x44F;; &#x417;&#x430;&#x433;&#x43E;&#x432;&#x43E;&#x440; &#x43E;&#x431;&#x440;&#x435;&#x447;&#x435;&#x43D;&#x43D;&#x44B;&#x445;; &#x41F;&#x443;&#x441;&#x442;&#x43E;&#x437;&#x435;&#x43C;&#x441;&#x43A;&#x438;&#x435; &#x43A;&#x430;&#x43C;&#x43D;&#x438;; &#x41C;&#x430;&#x43B;&#x44B;&#x435; &#x432;&#x43E;&#x437;&#x43C;&#x43E;&#x436;&#x43D;&#x43E;&#x441;&#x442;&#x438;</subfield>
  </datafield>
  <datafield tag="610" ind1="0" ind2=" ">
    <subfield code="a">&#x41D;&#x430;&#x443;&#x447;&#x43D;&#x43E;-&#x444;&#x430;&#x43D;&#x442;&#x430;&#x441;&#x442;&#x438;&#x447;&#x435;&#x441;&#x43A;&#x438;&#x435; &#x440;&#x43E;&#x43C;&#x430;&#x43D;&#x44B; &#x438; &#x440;&#x430;&#x441;&#x441;&#x43A;&#x430;&#x437;&#x44B; (&#x445;. &#x43B;.)</subfield>
  </datafield>
  <datafield tag="675" ind1=" " ind2=" ">
    <subfield code="a">821.161.1-31&#x422;&#x44B;&#x440;&#x438;&#x43D;</subfield>
    <subfield code="v">3</subfield>
    <subfield code="z">rus</subfield>
  </datafield>
  <datafield tag="686" ind1=" " ind2=" ">
    <subfield code="a">17.82</subfield>
    <subfield code="2">rugasnti</subfield>
  </datafield>
  <datafield tag="686" ind1=" " ind2=" ">
    <subfield code="a">84(2&#x420;&#x43E;&#x441;=&#x420;&#x443;&#x441;)6-44</subfield>
    <subfield code="2">rubbk</subfield>
  </datafield>
  <datafield tag="686" ind1=" " ind2=" ">
    <subfield code="a">&#x428;6(2=&#x420;)75-445</subfield>
  </datafield>
  <datafield tag="700" ind1=" " ind2="1">
    <subfield code="a">&#x422;&#x44B;&#x440;&#x438;&#x43D;</subfield>
    <subfield code="g">&#x41C;&#x438;&#x445;&#x430;&#x438;&#x43B; &#x42E;&#x440;&#x44C;&#x435;&#x432;&#x438;&#x447;</subfield>
    <subfield code="4">070</subfield>
  </datafield>
  <datafield tag="801" ind1=" " ind2="0">
    <subfield code="a">RU</subfield>
    <subfield code="b">RKP</subfield>
    <subfield code="c">20011217</subfield>
    <subfield code="g">PSBO</subfield>
  </datafield>
  <datafield tag="801" ind1=" " ind2="1">
    <subfield code="a">RU</subfield>
    <subfield code="b">RKP</subfield>
    <subfield code="c">20011217</subfield>
  </datafield>
  <datafield tag="801" ind1=" " ind2="2">
    <subfield code="a">RU</subfield>
    <subfield code="b">NLR</subfield>
    <subfield code="c">20051107</subfield>
    <subfield code="g">rcr</subfield>
  </datafield>
  <datafield tag="942" ind1=" " ind2=" ">
    <subfield code="c">BOOK</subfield>
  </datafield>
  <datafield tag="980" ind1=" " ind2=" ">
    <subfield code="a">NB</subfield>
  </datafield>
  <datafield tag="995" ind1=" " ind2=" ">
    <subfield code="5">2002-01-08</subfield>
    <subfield code="a">ad</subfield>
    <subfield code="b">NLR01</subfield>
    <subfield code="c">NLR01</subfield>
    <subfield code="e">RF8</subfield>
    <subfield code="f">205529</subfield>
    <subfield code="k">2002-3/136</subfield>
    <subfield code="o">0</subfield>
    <subfield code="r">BOOK</subfield>
    <subfield code="s">20023136_</subfield>
  </datafield>
  <datafield tag="995" ind1=" " ind2=" ">
    <subfield code="5">2002-01-08</subfield>
    <subfield code="a">ad</subfield>
    <subfield code="b">NLR01</subfield>
    <subfield code="c">NLR01</subfield>
    <subfield code="e">RF8</subfield>
    <subfield code="f">205530</subfield>
    <subfield code="k">2002-3/136</subfield>
    <subfield code="o">0</subfield>
    <subfield code="r">BOOK</subfield>
    <subfield code="s">20023136_</subfield>
  </datafield>
</record>
